Stats in your world/ (Record no. 31144)
[ view plain ]
| 000 -LEADER | |
|---|---|
| fixed length control field | 00717nam a22001937a 4500 |
| 008 - FIXED-LENGTH DATA ELEMENTS--GENERAL INFORMATION | |
| fixed length control field | 220223b |||||||| |||| 00| 0 eng d |
| 020 ## - INTERNATIONAL STANDARD BOOK NUMBER | |
| International Standard Book Number | 9780131384897 |
| 050 ## - LIBRARY OF CONGRESS CALL NUMBER | |
| Classification number | QA 276.12 .B63 2012 |
| 100 ## - MAIN ENTRY--PERSONAL NAME | |
| Personal name | Bock, David E. |
| 245 ## - TITLE STATEMENT | |
| Title | Stats in your world/ |
| Statement of responsibility, etc. | David E. Bock, Thomas J. Mariano, Paul F. Velleman and Richard D. De Veaux. |
| 260 ## - PUBLICATION, DISTRIBUTION, ETC. (IMPRINT) | |
| Place of publication, distribution, etc. | Boston : |
| Name of publisher, distributor, etc. | Pearson, |
| Date of publication, distribution, etc. | 2016. |
| 300 ## - PHYSICAL DESCRIPTION | |
| Extent | xiii, 517 pages, 61 variously numbered pages : |
| Other physical details | illustrations (some color) ; |
| Dimensions | 29 cm |
| 500 ## - GENERAL NOTE | |
| General note | Includes index |
| 650 ## - SUBJECT ADDED ENTRY--TOPICAL TERM | |
| Topical term or geographic name as entry element | Mathematical statistics. |
| 700 ## - ADDED ENTRY--PERSONAL NAME | |
| Personal name | Mariano, Thomas J. |
| 700 ## - ADDED ENTRY--PERSONAL NAME | |
| Personal name | Velleman, Paul F. |
| 700 ## - ADDED ENTRY--PERSONAL NAME | |
| Personal name | Veaux, Richard D. De |
| 942 ## - ADDED ENTRY ELEMENTS (KOHA) | |
| Source of classification or shelving scheme | |
| Koha item type | Hard Covered Materials |
| Classification part | QA 276.12 .B63 2012 |
| Withdrawn status | Lost status | Source of classification or shelving scheme | Damaged status | Not for loan | Home library | Current library | Shelving location | Date acquired | Source of acquisition | Cost, normal purchase price | Total Checkouts | Full call number | Barcode | Date last seen | Price effective from | Koha item type |
|---|---|---|---|---|---|---|---|---|---|---|---|---|---|---|---|---|
| MACHAKOS UNIVERSITY LIBRARY | MACHAKOS UNIVERSITY LIBRARY | Open shelf | 23/02/2022 | Donation Damaris Kimanzi | 776.00 | QA 276.12 .B63 2012 | 23859 | 23/02/2022 | 23/02/2022 | Hard Covered Materials |